000 00725nam a2200217 a 4500
005 20220526063413.0
008 090513s2005 mx r 000 0 spa d
020 _a842054194X
035 _aUPN01000170416
049 _aI
050 4 _aPZ24.9
_bC6.2
100 1 _aCornec-Utudji, Michèle
245 1 4 _aLas brujas no existen /
_cMichèle Cornec-Utudji ; il. de Annie-Claude Martin ; tr. Susana Vázquez Jiménez.
260 _aMadrid :
_bPearson Educación :
_bAlhambra,
_c2005.
300 _a81 p. :
_bil.
440 0 _a+8 años ;
_v20
500 _a"Recomendado a partir de 8 años"
534 _pTítulo original:
_tLes sorcières n'existent pas
650 0 _aCuentos infantiles franceses
_98588
905 _aInfantil
999 _c142521
_d142521